000 01540nam a2200241Ia 4500
003 Ost
005 20260507075432.0
008 260507s9999||||xx |||||||||||||| ||und||
020 _a9775673526
040 _cfsecg
041 _aara
082 _a332.642
100 _aحمدى، حسن
_eمؤلف
245 0 _aدليلك الى البورصة والاستثمار والأسهم وأسواق المال /
_c حسن حمدى
260 _aالقاهرة:
_bدار الكتاب العربي,
_c2006
300 _a263 صفحة؛
_bإيضاحات ؛
_c24 سم
504 _aببليوغرافيا: ص.249
520 _aيضم مقدمة عامة في البورصة وأسواق المال، ادوات الاستثمار: الاسهم، السندات، صناديق الاستثمار، الأوراق المالية المضمونة بأصولن شهادات الايداع الدولية، قواعد التعامل في البورصة: طريقة قيد الشركات في البورصة والقواعد الحاكمة لعملعا، شركات السمسرة والقواعد الحاكمة لعملها، القواعد المتعلقة بفض المنازعات في البورصة، نصائح وتوجيهات: الافعال القدرة، استثمار أم مغامرة، ارشادات عامة، نصائح الخبراء والمتخصصين، مصطلحات وتعريفات، سؤال محيرني
653 _aالاستثمار
653 _aالأسهم
653 _aالبورصات
942 _cكتاب
999 _c44520
_d44520